01423nam a2200325 a 4500001000200000003000900002005001700011008004100028020001500069020001800084040002200102082003000124100004700154245025300201246002900454250001100483260006600494300002100560490002600581500006400607504007400671600004700745650005900792651006500851651007600916700003200992700001901024700002601043700002801069 DO-SdBNP20220930105357.0090522s2003 dr 000 0 spa d a9993455571 a9789993455578 aBPMSUbspacBPMSU a972.93053bJ61u, 20032221 aJimenes Grullón, Juan Isidro,d1903-198310aUna gestapo en América :b(vida, tortura, agonía y muerte de presos políticos bajo la tiranía de Trujillo) /cJuan Isidro Jimenes Grullón ; introducción Mariano Mella ; introducción a la edición Bernardo Vega ; prólogo Raúl Roa.14aUna gestapo en América a8a ed. aSanto Domingo :bSociedad Dominicana de Bibliófilos,c2003. a365 p. ;c24 cm.0 aBibliófilos 2000v8 aIncluye datos biográficos del autor en la contracubierta  aIncluye referencias bibliográficas y notas al pie de las páginas.10aJimenes Grullón, Juan Isidro,d1903-1983 4aDelitos políticosxHistoria zRepública Dominicana 4aRepública DominicanaxHistoriayEra de Trujillo 1930-1961 4aRepública DominicanaxPolítica gobiernoyEra de Trujillo 1930-19611 aOlivo Álvarez, Sócrates1 aMella, Mariano1 aRoa, Raúl,dpról. aVega, Bernardo,d1938 -